Paul, a servant of Jesus Christ. (Record no. 5171)

000 -LEADER
fixed length control field 00719nam a2200193 a 4500
001 - CONTROL NUMBER
control field :::00002912$&:&@@
003 - CONTROL NUMBER IDENTIFIER
control field OkBaRHE
005 - DATE AND TIME OF LATEST TRANSACTION
control field 20110415115619.0
008 - FIXED-LENGTH DATA ELEMENTS--GENERAL INFORMATION
fixed length control field s1983 j 000 0 eng u
040 ## - CATALOGING SOURCE
Transcribing agency
100 1# - MAIN ENTRY--PERSONAL NAME
Personal name Meyer, F. B. (Frederick Brotherton), 1847-1929.
245 10 - TITLE STATEMENT
Title Paul, a servant of Jesus Christ.
260 ## - PUBLICATION, DISTRIBUTION, ETC. (IMPRINT)
Place of publication, distribution, etc Fort Washington, PA., :
Name of publisher, distributor, etc Christian Literature Crusade
Date of publication, distribution, etc 1983
300 ## - PHYSICAL DESCRIPTION
Extent 155 p. ;
Dimensions 21 cm.
650 ## - SUBJECT ADDED ENTRY--TOPICAL TERM
Topical term or geographic name as entry element Paul Saint, Apostle
942 ## - ADDED ENTRY ELEMENTS (KOHA)
Source of classification or shelving scheme
Koha item type Books
Copies
Source of classification or shelving scheme Not for loan Date last seen Price effective from Date acquired Lost status Permanent Location Current Location Koha item type Damaged status Copy number Shelving location Withdrawn status Barcode Full call number
  2018-03-162010-04-142010-04-14 RHEMA Bible Training College Books 1General Stacks 2912BS 2505 .M43
  2018-03-162010-04-142010-04-14 RHEMA Bible Training CollegeRHEMA Bible Training CollegeBooks 2General Stacks 15487BS 2505 .M43